000 00588nam a2200193Ia 4500
005 20260429112213.0
008 260429s9999||||xx |||||||||||||| ||und||
020 _a9780691181516
041 _aEnglish
082 _a570.151
_bWEI
100 _aWeitz, Joshua S.
245 0 _aQuantitative biosciences :
_bdynamics across cells, organisms, and populations /
_cJoshua S. Weitz
260 _aNew Jersey :
_bPrinceton University Press,
_c2024.
300 _axxiv, 373 p.; pbk
650 _a Biostatistics
650 _a Systems biology
650 _aQuantitative biology
942 _cTB
999 _c52875
_d52875